Größte Städte Nordsee - Statistiken

Allgemein
  • Dieses Quiz wurde 46 mal gespielt
  • Das Durchschnittsergebnis liegt bei 8 aus 22
Antwortstatistiken
Einwohner Antwort % Korrekt
637.000 Rotterdam
91%
935.000 Amsterdam
86%
119.000 Bremerhaven
84%
724.000 Oslo
80%
294.000 Bergen
75%
569.000 Den Haag
61%
303.000 Newcastle upon Tyne
50%
528.000 Edinburgh
48%
120.000 Brügge
39%
301.000 Aarhus
34%
224.000 Aberdeen
34%
609.000 Göteborg
30%
150.000 Stavanger
25%
118.000 Kristiansand
18%
277.000 Sunderland
18%
151.000 Ipswich
14%
141.000 Middlesbrough
14%
185.000 Odense
14%
267.000 Kingston upon Hull
11%
183.000 Southend-on-Sea
11%
149.000 Dundee
9%
132.000 Bærum
2%
Keine übereinstimmenden Quizze gefunden
Verteilung der Resultate
Anzahl Personen mit jedem Resultat
Perzentil nach korrekt beantworteten Fragen
Ihre Resultats-Entwicklung
Sie haben dieses Quiz noch nicht gespielt